00873 2200313 4500001002100000005001500021035002000036007000300056040001700059100003200076245006900108250001100177300003500188504002500223020001800248041000800266082001000274084001600284090001600300264003500316336002100351337003000372338002300402650002200425700003900447850001000486008004100496990002200537INLIS00000000001335620260529040334 a0010-0725000115ta aSBPUPADbind0 aYanti B. SugardaePengarang1 aIndonesia Bersyukur /cYanti B. Sugarda; Editor, Taufik Darusman aCet. 2 a123 hlm :bilus ;c23,5 x30 cm aBibliografi, hlm 123 a979-96743-0-1 aind a959.8 a959.8 SUG i a959.8 SUG i aJakarta :bTotalconcept,c2002 2rdacontentaTeks 2rdamediaatanpa perantara 2rdacarrieravolume 4aSejarah Indonesia aEditor, Taufik DarusmanePengarang aPUPAD260529 0 ind  a2869/H/ARPUS/2007